00422cam a2200169ua 4500001000500000005001700005008003900022040000900061082001300070100002400083245004400107250000900151260003600160300001600196653001800212653002200230347920260515113702.0111116n ii |||gr||||Z||||||asm cMAIN a891.4511 aKalita, Toshprobha,11aNirbachita kabitacby Toshprobha Kalita a1st. aNalbari:bJournal Emporium,997. a99p:c23cm. aAssamese poem aNirbachita kabita